Представление документа в формате RUSMARC

ПолеНазваниеЗначение
  Тип записи a
  Библиографический уровень m
001 Контрольный номер RU/CBS_UL/BASE/084f564f641f4cc48c111b75df0eb0c9
005 Дата корректировки 20251027141139.0
010 Индекс ISBN __
a ISBN
d Цена 25 р. 00 к.
9 Тираж экз.
100 Данные общей обработки __
a Данные общей обработки 20251027d 0rusy0189## ca
101 Язык документа 0_
a Язык текста rus
102 Страна публикации __
a Страна публикации RU
200 Заглавие и сведения об ответственности 1_
a Заглавие Микроэкономика
e Сведения, относящиеся к заглавию учебно- практическое пособие
f Первые сведения об ответственности Э. Н. Разнодежина
205 Сведения об издании __
a Основные сведения об издании 2-е изд.
210 Выходные данные 1_
a Место издания Ульяновск
c Издательство УлГТУ
d Дата издания 2007
215 Физическое описание __
a Объем 102 с.
d Формат см.
300 Общие примечания __
a Общие примечания 18+
300 Общие примечания __
a Общие примечания Под инв. номером 119049: Ц-1
606 Тематические рубрики 0_
a Основная рубрика Микроэкономика - Учебные пособия
610 Ключевые слова 0_
a Ключевые слова микроэкономика; учебное пособие; практикум; законы экономические; системы экономические; спрос и предложение; формирование цен
686 Индексы других классификаций __
2 Код системы rubbk
a Классификационный индекс 65.012.1
700 Автор _1
a Фамилия Разнодежина
b Имя (инициалы) Э. Н.
g Полное личное имя Эльвира Николаевна
801 Источник записи _0
a Страна RU
b Организация МБУК ЦБС г. Ульяновска
c Дата составления 20251027
g Правила каталогизации RCR
801 Источник записи _1
a Страна RU
b Организация МБУК ЦБС г. Ульяновска
c Дата составления 20251027
g Правила каталогизации RCR
852 Данные о местонахождении __
i Авторский знак Р 17
j Шифр хранения 65.012
901 Тип документа __
t Тип документа m
909 Создатель записи __
a Создатель записи obr6
b Дата создания записи 20251027